[Event "Rapidplay"]
[Site "Villarrobledo ESP"]
[Date "2001.08.18"]
[Round "4"]
[White "Vallejo Pons,F"]
[Black "Lalic,B"]
[Result "1/2-1/2"]
[WhiteElo "2630"]
[BlackElo "2528"]

1.e4 c6 2.d4 d5 3.f3 e6 4.Nc3 Bb4 5.Ne2 Ne7 6.Be3 O-O 7.a3 Ba5 8.e5 Bc7 9.f4 b6
10.Ng3 f6 11.exf6 Rxf6 12.Qd2 Qf8 13.Bd3 Ba6 14.Bxa6 Nxa6 15.Nge2 Nb8 16.O-O-O Nd7
17.Rdf1 b5 18.g4 Nb6 19.Qd3 Nc4 20.Kb1 Ng6 21.f5 Nxe3 22.Qxe3 Re8 23.Qg5 h6
24.Qh5  1/2-1/2

[Event "Rapidplay"]
[Site "Villarrobledo ESP"]
[Date "2001.08.18"]
[Round "5"]
[White "Lazarev,V"]
[Black "Vallejo Pons,F"]
[Result "0-1"]
[WhiteElo "2459"]
[BlackElo "2630"]

1.d4 d5 2.c4 c6 3.Nf3 Nf6 4.e3 Bf5 5.cxd5 cxd5 6.Nc3 a6 7.Qb3 b5 8.a4 b4
9.Qxb4 Nc6 10.Qc5 Na5 11.Qa3 e6 12.Qa2 Nc6 13.a5 Nb4 14.Qa4+ Nd7 15.Kd2 Bd6
16.Ne5 Ra7 17.g4 Bg6 18.h4 O-O 19.f4 Nxe5 20.fxe5 Be7 21.h5 Bc2 22.b3 f6
23.Ba3 Rb7 24.exf6 Rxf6 25.Rc1 Rf2+ 26.Be2 e5 27.Rxc2 exd4 28.exd4 Nxc2 29.Kxc2 Rc7
30.Bc5 Bxc5 31.dxc5 Rxc5 32.Kd3 Qc7 33.Qe8+ Rf8 34.Qe6+ Kh8 35.Nd1 Qb8 36.Qb6 Qc8
37.Rf1 Re8 38.Rf7 Rc1 39.Qb4 Qc2+ 40.Kd4 Qe4+  0-1

[Event "EuTCh"]
[Site "Leon ESP"]
[Date "2001.11.07"]
[Round "2"]
[White "Vallejo Pons,F"]
[Black "Heidenfeld,M"]
[Result "1-0"]
[WhiteElo "2630"]
[BlackElo "2382"]

1.e4 e6 2.d3 d5 3.Qe2 b6 4.Nd2 Bb7 5.Ngf3 g6 6.g3 Bg7 7.Bg2 Ne7 8.O-O c5
9.Re1 Nbc6 10.a3 Qd7 11.Rb1 O-O 12.e5 Rae8 13.Nf1 Kh8 14.h4 Ng8 15.Bf4 f6
16.N1h2 fxe5 17.Nxe5 Nxe5 18.Bxe5 Nh6 19.b4 Kg8 20.bxc5 bxc5 21.Bxg7 Qxg7
22.Qe3 d4 23.Qe5 Bxg2 24.Kxg2 Qe7 25.Rb5 Rf5 26.Qe4 Rf7 27.Qc6 Qf8 28.Re2 Rf5
29.Rb7 Rf7 30.Rxf7 Kxf7 31.Nf3 Ng4 32.Rxe6  1-0

[Event "EuTCh"]
[Site "Leon ESP"]
[Date "2001.11.09"]
[Round "4"]
[White "Vallejo Pons,F"]
[Black "Miladinovic,I"]
[Result "1-0"]
[WhiteElo "2630"]
[BlackElo "2495"]

1.e4 c5 2.Nf3 Nc6 3.d4 cxd4 4.Nxd4 Qc7 5.Nc3 e6 6.Be3 a6 7.Qd2 Nf6 8.O-O-O Bb4
9.f3 b5 10.Bf4 Ne5 11.Nc6 Nd3+ 12.cxd3 Qxc6 13.Kb1 O-O 14.Rc1 Qb7 15.Qf2 Be7
16.d4 b4 17.Nd1 d6 18.Ne3 Nh5 19.Bg3 Bd7 20.Bh4 Bb5 21.Bxe7 Qxe7 22.Qd2 Qb7
23.Bxb5 Qxb5 24.d5 Rfd8 25.Rc4 a5 26.Rhc1 Nf6 27.Rc7 h6 28.dxe6 fxe6 29.Nc2 Ne8
30.Nd4 Qe5 31.Rb7 Qxh2 32.Nc6 d5 33.Nxd8 Rxd8 34.exd5 Qh5 35.g4 Qh4 36.Rb5 Qf6
37.Rxa5 Qxf3 38.Qxb4 exd5 39.Qe7 Qd3+ 40.Ka1 Qd2 41.Rac5 Rb8 42.Qe5 Rd8 43.a3  1-0

[Event "EuTCh"]
[Site "Leon ESP"]
[Date "2001.11.10"]
[Round "5"]
[White "Short,N"]
[Black "Vallejo Pons,F"]
[Result "1/2-1/2"]
[WhiteElo "2675"]
[BlackElo "2630"]

1.e4 e5 2.Nf3 Nc6 3.Bb5 Nf6 4.d3 d6 5.c3 g6 6.Nbd2 Bg7 7.Nf1 O-O 8.Bg5 h6
9.Bh4 Ne7 10.Ne3 c6 11.Ba4 Nh5 12.Bb3 Nf4 13.d4 Qc7 14.O-O Be6 15.Qc2 Rad8
16.Rfd1 g5 17.Bg3 d5 18.exd5 Nexd5 19.Nf5 Bxf5 20.Qxf5 Ne2+ 21.Kh1 Nxg3+
22.hxg3 Ne7 23.Qe4 exd4 24.Re1 Rfe8 25.cxd4 Qc8 26.Ne5 Nd5  1/2-1/2

[Event "EuTCh"]
[Site "Leon ESP"]
[Date "2001.11.15"]
[Round "9"]
[White "Wedberg,T"]
[Black "Vallejo Pons,F"]
[Result "1/2-1/2"]
[WhiteElo "2529"]
[BlackElo "2630"]

1.e4 e6 2.d4 d5 3.Nc3 Nf6 4.e5 Nfd7 5.f4 c5 6.Nf3 Nc6 7.Be3 cxd4 8.Nxd4 Qb6
9.a3 Bc5 10.Ncb5 Nxd4 11.Bxd4 O-O 12.b4 Bxd4 13.Qxd4 Qxd4 14.Nxd4 a5 15.b5 Nb6
16.Bd3 Bd7 17.g3 Rac8 18.h4 f6 19.Nf3 Be8 20.h5 Nc4 21.h6 Bg6 22.hxg7 Kxg7
23.exf6+ Rxf6 24.Ke2 Nd6 25.Nd4 Be4 26.Rh4 Rg6 27.g4 Re8 28.Kd2 Kg8 29.a4 Rf8
30.Ke3 Rf7  1/2-1/2

[Event "GEMA Match"]
[Site "Mondariz Belneario ESP"]
[Date "2001.12.02"]
[Round "5"]
[White "Vallejo Pons,F"]
[Black "Sokolov,I"]
[Result "1-0"]
[WhiteElo "2630"]
[BlackElo "2658"]

1.e4 e5 2.Bc4 Nf6 3.d3 c6 4.Nf3 Be7 5.O-O d6 6.c3 O-O 7.Bb3 Bg4 8.Nbd2 h6
9.Re1 Nh7 10.h3 Bh5 11.g4 Bg6 12.Nf1 Nd7 13.d4 Bg5 14.Ng3 Qf6 15.Nxg5 Nxg5
16.Kg2 Rad8 17.f3 Ne6 18.Be3 Nf4+ 19.Bxf4 Qxf4 20.Qe2 Rfe8 21.Qf2 Nf6 22.Rad1 h5
23.dxe5 Rxe5 24.Qxa7 hxg4 25.hxg4 c5 26.Qb6 Ree8 27.Qxb7 c4 28.Bxc4 Rb8 29.Qa7 Rxb2+
30.Re2 Nxg4 31.fxg4 Bxe4+ 32.Kh3 Rxe2 33.Bxe2 Qh6+ 34.Nh5 Bc2 35.Re1 Bg6
36.Qf2 Qd2 37.Nf4 Qxc3+ 38.Kh2 Qe5 39.Kg1 Bh7 40.Ng2 Be4 41.Bf3 d5 42.Qc5 Qe6
43.Bxe4 dxe4 44.a4 Qxg4 45.a5 Qg6 46.Qb6 Qg3 47.a6 Re6 48.Qd8+ Kh7 49.a7 Rg6
50.Re2 Rc6 51.Qa5  1-0

[Event "GEMA Match"]
[Site "Mondariz Belneario ESP"]
[Date "2001.12.03"]
[Round "6"]
[White "Sokolov,I"]
[Black "Vallejo Pons,F"]
[Result "1/2-1/2"]
[WhiteElo "2658"]
[BlackElo "2630"]

1.d4 Nf6 2.c4 e6 3.Nc3 Bb4 4.Qc2 c5 5.dxc5 O-O 6.a3 Bxc5 7.Nf3 b6 8.Bf4 Nh5
9.Bg3 h6 10.Rd1 Be7 11.e4 Bb7 12.Be2 a6 13.Bd6 Bxd6 14.Rxd6 Qc7 15.Qd2 Nf6
16.e5 Ne8 17.Rd3 Ra7 18.Qe3 d6 19.b3 Bxf3 20.exd6 Nxd6 21.Qxf3 Nd7 22.Qg3 Nf5
23.Qxc7 Rxc7 24.Rd1 b5 25.cxb5 Rxc3  1/2-1/2

[Event "GEMA Match"]
[Site "Mondariz Belneario ESP"]
[Date "2001.12.04"]
[Round "7"]
[White "Vallejo Pons,F"]
[Black "Sokolov,I"]
[Result "1/2-1/2"]
[WhiteElo "2630"]
[BlackElo "2658"]

1.c4 e6 2.Nf3 Nf6 3.Nc3 d5 4.d4 Nbd7 5.Bg5 h6 6.Bh4 dxc4 7.e4 Be7 8.Bxf6 Nxf6
9.Bxc4 a6 10.O-O b5 11.Bd3 Bb7 12.Qe2 c5 13.dxc5 b4 14.Na4 Nd7 15.Rac1 Bc6
16.Nb6 Nxb6 17.Ne5 Bb7 18.cxb6 Qxb6 19.Nc4 Qd8 20.Rfd1 O-O 21.e5 Qb8 22.Be4 Bxe4
23.Qxe4 Bg5 24.Rc2 Rd8 25.Rxd8+ Qxd8 26.Nd6 Rb8 27.Qf3 Qd7 28.g3 Rf8 29.Qc6 Qa7
30.Rc4 a5 31.Kg2 Rd8 32.h4 Be7 33.Nc8 Qd7 34.Qxd7 Rxd7 35.Nxe7+ Rxe7 36.Rc8+ Kh7
37.Ra8 b3 38.Rxa5 bxa2 39.Rxa2 Rb7 40.Kf3 Kg6 41.Ke4 h5 42.f4 Rb3 43.Ra3  1/2-1/2

[Event "GEMA Match"]
[Site "Mondariz Belneario ESP"]
[Date "2001.12.05"]
[Round "8"]
[White "Sokolov,I"]
[Black "Vallejo Pons,F"]
[Result "1/2-1/2"]
[WhiteElo "2658"]
[BlackElo "2630"]

1.d4 e6 2.c4 d5 3.Nc3 dxc4 4.e4 c5 5.Nf3 cxd4 6.Qxd4 Bd7 7.Bxc4 Nc6 8.Qe3 Nge7
9.O-O Ng6 10.Rd1 Rc8 11.b3 Nce5 12.Nxe5 Nxe5 13.Be2 Qa5 14.Bb2 f6 15.Qg3 h5
16.Rac1 h4 17.Qh3 Be7 18.f4 Nf7 19.Kh1 a6 20.Bg4 Rc6 21.a3 Qc7 22.f5 Ng5
23.Qd3 h3 24.g3 Qc8 25.fxe6 Bxe6 26.Bf5 Kf7 27.Nd5 Rd8 28.Bg6+ Kf8 29.Qe3  1/2-1/2

[Event "GEMA Match"]
[Site "Mondariz Belneario ESP"]
[Date "2001.12.27"]
[Round "1"]
[White "Vallejo Pons,F"]
[Black "Sokolov,I"]
[Result "1/2-1/2"]
[WhiteElo "2630"]
[BlackElo "2658"]

1.e4 e5 2.Nf3 Nc6 3.Bb5 Nf6 4.O-O Nxe4 5.d4 Nd6 6.Bxc6 dxc6 7.dxe5 Nf5 8.Qxd8+ Kxd8
9.Nc3 h6 10.h3 Bd7 11.Bd2 b6 12.Ne2 c5 13.g4 Ne7 14.Ng3 Ng6 15.Rfe1 Kc8 16.Nh5 Kb7
17.Rad1 Bc6 18.Nh2 Nh4 19.Bc3 Rg8 20.f4 Ng2 21.Re2 g6 22.Rxg2 gxh5 23.Re2 Be7
24.Kf2 b5 25.Be1 c4 26.Bc3 b4 27.Bd4 Rad8 28.c3 a5 29.Rg1 hxg4 30.hxg4 Bd5
31.Nf3 c5 32.Be3 Be4 33.f5 h5 34.f6 Bf8 35.gxh5 Rh8 36.h6 Rd3 37.Rg7 Kc8
38.Ng5 Rxh6 39.Rxf7 Rh2+ 40.Ke1 Rh1+ 41.Kf2 Rh2+ 42.Ke1 Rh1+  1/2-1/2

[Event "GEMA Match"]
[Site "Mondariz Belneario ESP"]
[Date "2001.12.29"]
[Round "3"]
[White "Vallejo Pons,F"]
[Black "Sokolov,I"]
[Result "1/2-1/2"]
[WhiteElo "2630"]
[BlackElo "2658"]

1.e4 e5 2.Nf3 Nc6 3.Bb5 Nf6 4.O-O Nxe4 5.d4 Nd6 6.Bxc6 dxc6 7.dxe5 Nf5 8.Qxd8+ Kxd8
9.Nc3 h6 10.h3 Bd7 11.b3 b6 12.Bb2 Kc8 13.Rad1 a5 14.a4 Ne7 15.Ne2 Ng6 16.Ng3 Nf4
17.Rfe1 c5 18.Re4 Ne6 19.c4 Bc6 20.Re3 Kb7 21.Rd2 Be7 22.Nf5 Bg5 23.Nxg5 hxg5
24.f3 Rad8 25.Red3 Rde8  1/2-1/2

[Event "GEMA Match"]
[Site "Mondariz Belneario ESP"]
[Date "2001.12.30"]
[Round "4"]
[White "Sokolov,I"]
[Black "Vallejo Pons,F"]
[Result "1/2-1/2"]
[WhiteElo "2658"]
[BlackElo "2630"]

1.d4 e6 2.c4 Nf6 3.Nc3 Bb4 4.Qc2 c5 5.dxc5 O-O 6.a3 Bxc5 7.Nf3 b6 8.Bf4 Bb7
9.Rd1 Nh5 10.Bg5 Be7 11.Bc1 d6 12.e4 Nd7 13.Be2 Nhf6 14.O-O Qc7 15.Rfe1 a6
16.Bf1 Ng4 17.Bf4 Rfd8 18.Rc1 Rac8 19.h3 Nge5 20.Nxe5 Nxe5 21.Qd2 Qb8 22.b3 Bc6
23.Qe2 Ng6 24.Bg3 Bf6 25.Red1 h6 26.b4 Be8 27.Qa2 Ne5 28.a4 Qa8 29.Qb3 Rc7
30.Rc2 Qc8 31.Nb1 Qb7 32.Rcd2 Qxe4 33.Nc3 Qb7 34.Rxd6 Rxd6 35.Rxd6 Rc8 36.c5 bxc5
37.Bxa6 Qxb4 38.Qc2 Ra8 39.Nb5 c4 40.Qe4 Bc6 41.Rxc6 Nxc6 42.Qxc6 Rd8 43.Nd6 Be5
44.Ne4 Bxg3 45.Nxg3 c3 46.Bb5 Qb2 47.Ne2 c2 48.Kh2 Rd2 49.Qe8+ Kh7 50.Qxf7 Qf6
51.Qc7 Qxf2 52.a5 Qf5 53.Qc3 Rd5 54.Ba4 Rc5 55.Qb2 Qe4 56.Bb5 Qxe2 57.Bxe2 c1=Q
58.Bd3+ Kh8 59.Qf2 Rc8 60.a6 Qc7+ 61.Kg1 Qe5 62.Bf1 Qc5 63.Bd3 Qa3 64.Qd4 Qc1+
65.Kh2 Qc7+ 66.Kg1 Qc5 67.Qf2 Qa5 68.Qe3 Qc5 69.Qf2 Kg8 70.Be4 Qe5 71.Qe2 Qa5  1/2-1/2

[Event "III Open"]
[Site "Dos Hermanas ESP"]
[Date "2002.04.06"]
[Round "2"]
[White "Vallejo Pons,F"]
[Black "Fernandez Romero,Ern"]
[Result "1-0"]
[WhiteElo "2629"]
[BlackElo "2347"]

1.Nf3 Nf6 2.c4 c5 3.Nc3 d5 4.cxd5 Nxd5 5.e4 Nb4 6.Bc4 Nd3+ 7.Ke2 Nf4+ 8.Kf1 Ne6
9.Ne5 g6 10.Qa4+ Bd7 11.Nxd7 Qxd7 12.Bxe6 fxe6 13.Qxd7+ Kxd7 14.e5 Bg7 15.Ne4 b6
16.f4 Rf8 17.d4 Nc6 18.g3 Nxd4 19.Kg2 Kc6 20.Bd2 Kd5 21.Nc3+ Kc6 22.Ne4 Kd5
23.Nc3+ Kc6 24.h4 h6 25.Rad1 g5 26.fxg5 hxg5 27.Bxg5 Bxe5 28.Ne4 Rg8 29.Rhf1 Nf5
30.b3 a5 31.a4 Bf6 32.Rfe1 Bd4 33.Kh3 Nd6 34.Nxd6 Kxd6 35.Bf4+ Kd5 36.Re5+ Kd6
37.Re2+ Kd5 38.Re5+ Kd6 39.h5 Raf8 40.Rg5+ Kc6 41.Rxg8 Rxg8 42.Re1 Kd5 43.g4 e5
44.Bc1 e4 45.g5 Rf8 46.h6 Rf3+ 47.Kg4 Rf2 48.Be3 Rg2+ 49.Kh3 Bxe3 50.h7  1-0

[Event "III Open"]
[Site "Dos Hermanas ESP"]
[Date "2002.04.11"]
[Round "7"]
[White "Campora,D"]
[Black "Vallejo Pons,F"]
[Result "1/2-1/2"]
[WhiteElo "2542"]
[BlackElo "2629"]

1.e4 c5 2.Nf3 Nc6 3.Bb5 e6 4.O-O Nge7 5.c3 a6 6.Ba4 b5 7.Bc2 Bb7 8.Qe2 d5
9.d3 d4 10.a4 Ng6 11.axb5 axb5 12.Rxa8 Bxa8 13.Na3 Qb8 14.c4 bxc4 15.Nxc4 Be7
16.g3 O-O  1/2-1/2

[Event "III Open"]
[Site "Dos Hermanas ESP"]
[Date "2002.04.13"]
[Round "9"]
[White "Vallejo Pons,F"]
[Black "Korneev,O"]
[Result "1/2-1/2"]
[WhiteElo "2629"]
[BlackElo "2568"]

1.d4 d5 2.c4 e6 3.Nc3 Be7 4.Nf3 Nf6 5.Bg5 h6 6.Bh4 O-O 7.e3 Ne4 8.Bxe7 Qxe7
9.Rc1 c6 10.Bd3 Nxc3 11.Rxc3 Nd7 12.O-O e5 13.dxe5 dxc4 14.Bxc4 Nxe5 15.Nxe5 Qxe5
16.f4  1/2-1/2

[Event "Andbanc Blitz Match"]
[Site "Andorra la Vella AND"]
[Date "2002.05.18"]
[Round "2.2"]
[White "Vallejo Pons,F"]
[Black "De la Riva Aguado,O"]
[Result "1-0"]
[WhiteElo "2638"]
[BlackElo "2496"]

1.d4 f5 2.Nf3 Nf6 3.Bg5 e6 4.Nbd2 Be7 5.c3 O-O 6.Qc2 Nc6 7.Bxf6 Bxf6 8.e4 d5
9.exd5 exd5 10.O-O-O Qd6 11.Bd3 g6 12.h4 h5 13.g3 Bd7 14.Ng1 Be8 15.Ne2 Bf7
16.f3 Ne7 17.Rdg1 Kh8 18.g4 f4 19.Nb3 b6 20.Qd2 c5 21.gxh5 gxh5 22.Nxf4 Bg7
23.dxc5 bxc5 24.Rxg7 Kxg7 25.Rg1+ Kf6 26.Nxh5+ Ke6 27.Nf6 Bg6 28.Bxg6 Rxf6
29.Bh5 Kd7 30.Bg4+ Kc6 31.Re1 Ng6 32.Qe2 a5 33.Nd2 Nf4 34.Qf1 c4 35.Rd1 Nd3+
36.Kb1 Qf4 37.Ka1 Rb8 38.b3 Qe5 39.Nb1 a4 40.b4 a3 41.Rxd3 cxd3 42.Qxd3 Rxb4
43.Qa6+ Rb6 44.Qa8+ Kc5 45.Qxa3+ Kc6 46.Qa8+ Rb7 47.Qc8+ Kb6 48.a4 Rc6 49.Qd8+ Rcc7
50.Qa8 Rxc3 51.a5+ Kb5 52.Qxb7+ Ka4 53.Bd7+ Kxa5 54.Qb5+  1-0

[Event "Andbanc Blitz Match"]
[Site "Andorra la Vella AND"]
[Date "2002.05.18"]
[Round "2.3"]
[White "De la Riva Aguado,O"]
[Black "Vallejo Pons,F"]
[Result "1-0"]
[WhiteElo "2496"]
[BlackElo "2638"]

1.e4 e5 2.Nc3 Nf6 3.f4 d5 4.fxe5 Nxe4 5.Nf3 Bc5 6.Qe2 Bf2+ 7.Kd1 Nxc3+ 8.dxc3 Bc5
9.Qb5+ Nd7 10.Bg5 Be7 11.Bxe7 Qxe7 12.Qxd5 O-O 13.Kc1 Nc5 14.Qd4 Bf5 15.Bc4 Rad8
16.Qe3 c6 17.a4 a5 18.Nd4 Bg6 19.b3 Rfe8 20.Re1 Ne4 21.e6 f5 22.Kb2 c5 23.Ne2 Nd2
24.Nf4 Nxc4+ 25.bxc4 Rd6 26.Rad1 Red8 27.Nd5 Qe8 28.Qxc5 b6 29.Qe3 f4 30.Qxf4 Qxa4
31.Ne7+ Kh8 32.Nxg6+ hxg6 33.Rxd6  1-0

[Event "Andbanc Blitz Match"]
[Site "Andorra la Vella AND"]
[Date "2002.05.18"]
[Round "2.6"]
[White "Vallejo Pons,F"]
[Black "De la Riva Aguado,O"]
[Result "1/2-1/2"]
[WhiteElo "2638"]
[BlackElo "2496"]

1.d4 f5 2.Nf3 Nf6 3.Bg5 Ne4 4.Bf4 c5 5.e3 e6 6.Nbd2 Nc6 7.c3 Be7 8.Nxe4 fxe4
9.Ne5 O-O 10.d5 Nxe5 11.Bxe5 d6 12.Bg3 e5 13.Bc4 Bh4 14.Qh5 Bxg3 15.hxg3 Bf5
16.Bb3 Qf6 17.Qh4 g5 18.Qh2 Bg6 19.Rf1 Rf7 20.Rd1 Raf8 21.Rd2 Qd8 22.Qh6 b5
23.g4 a5 24.Bc2 Rg7 25.f3 exf3 26.Rxf3 Rxf3 27.gxf3 Bxc2 28.Rxc2 Rg6 29.Qh5 Qf8
30.Rh2 Qf7 31.Ke2 h6 32.Qh3 Kg7 33.Qg3 Rf6 34.e4 Rf4 35.Ke3 c4 36.Qh3 Qf6
37.a3 a4 38.Rh1 Qg6  1/2-1/2

[Event "Andbanc Blitz Match"]
[Site "Andorra la Vella AND"]
[Date "2002.05.18"]
[Round "2.5"]
[White "De la Riva Aguado,O"]
[Black "Vallejo Pons,F"]
[Result "0-1"]
[WhiteElo "2496"]
[BlackElo "2638"]

1.e4 c5 2.Nf3 e6 3.d4 cxd4 4.Nxd4 a6 5.Bd3 Nf6 6.O-O d6 7.c4 Bd7 8.Nc3 Nc6
9.Be3 Ne5 10.Be2 Rc8 11.b3 Be7 12.f4 Ng6 13.Rc1 O-O 14.g3 Qa5 15.Qe1 Kh8
16.a4 Rfe8 17.Kh1 e5 18.Nc2 exf4 19.gxf4 Bf8 20.Bf3 Bc6 21.Bd2 Qb6 22.Rb1 Qa7
23.Bg2 b6 24.Nd4 Ba8 25.Nf5 Qd7 26.Ng3 Nh4 27.Qf2 Ng4 28.Qg1 d5 29.Nxd5 Bxd5
30.exd5 Bc5  0-1

[Event "Andbanc Blitz Match"]
[Site "Andorra la Vella AND"]
[Date "2002.05.18"]
[Round "2.1"]
[White "De la Riva Aguado,O"]
[Black "Vallejo Pons,F"]
[Result "0-1"]
[WhiteElo "2496"]
[BlackElo "2638"]

1.e4 e5 2.Nc3 Nf6 3.g3 Bc5 4.Bg2 d6 5.Na4 Nc6 6.Nxc5 dxc5 7.d3 Be6 8.Nf3 h6
9.Be3 b6 10.h3 Qd7 11.Qd2 O-O-O 12.Qc3 Qd6 13.Nd2 Nd4 14.a4 a5 15.f4 Nh5
16.f5 Nxg3 17.fxe6 Nxh1 18.Bxh1 Qxe6 19.Bg2 Qg6 20.Kf2 f5 21.Bxd4 cxd4 22.Qc4 f4
23.Nf3 Qf6 24.b4 Rd6 25.bxa5 Rc6 26.Qa6+ Kd7 27.Qb5 Ke7 28.Ra2 Rc5 29.Qb4 Qd6
30.Nd2 bxa5 31.Qb3 Rc3 32.Qb5 Rc5 33.Qb3 Qb6 34.Qxb6 cxb6 35.Nc4 Rb8 36.Rb2 b5
37.Nxa5 Rbc8 38.Rxb5 Rxb5 39.axb5 Rxc2+ 40.Kf3 Rb2 41.Nc4 Rxb5 42.h4 g6 43.Bh3 h5
44.Bf1 Kf6 45.Be2 Rb1 46.Nd2 Rh1 47.Kg2 Rxh4 48.Nf3 Rg4+ 49.Kf2 Rg3 50.Bf1 g5
51.Bg2 g4 52.Ne1 Re3 53.Bf1 g3+  0-1

[Event "GM"]
[Site "Biel SUI"]
[Date "2002.07.23"]
[Round "2"]
[White "Vallejo Pons,F"]
[Black "Tkachiev,V"]
[Result "1-0"]
[WhiteElo "2648"]
[BlackElo "2625"]

1.d4 Nf6 2.c4 e6 3.Nf3 b6 4.g3 Ba6 5.Qb3 Nc6 6.Nbd2 d5 7.Bg2 Bb7 8.O-O Be7
9.cxd5 exd5 10.Ne5 O-O 11.Nxc6 Bxc6 12.Nf3 Bb7 13.Bf4 Re8 14.Rac1 Bd6 15.Bxd6 Qxd6
16.e3 Re7 17.Rc2 h5 18.Rfc1 Rd8 19.Qa4 a5 20.Qa3 Qxa3 21.bxa3 Ne8 22.Bf1 Ba8
23.a4 f6 24.Nh4 Nd6 25.Ng6 Red7 26.Bh3 Kf7 27.Bxd7 Rxd7 28.Nf4 Nc4 29.e4 c6
30.Nxh5 b5 31.e5 fxe5 32.dxe5 d4 33.Nf4 Ke7 34.Nd3 Rd5 35.f4 Bb7 36.Kf2 Bc8
37.axb5 cxb5 38.Rxc4 bxc4 39.Rxc4 Bf5 40.Ke2 Rd7 41.Kd2 Ke6 42.Rc6+ Kd5 43.Rc5+ Ke4
44.e6  1-0

[Event "GM"]
[Site "Biel SUI"]
[Date "2002.07.28"]
[Round "6"]
[White "Vallejo Pons,F"]
[Black "Korchnoi,V"]
[Result "0-1"]
[WhiteElo "2648"]
[BlackElo "2626"]

1.e4 e6 2.d4 d5 3.Nc3 Nf6 4.Bg5 dxe4 5.Nxe4 Be7 6.Bxf6 Bxf6 7.Nf3 Nd7 8.Qd2 b6
9.O-O-O Bb7 10.Qf4 Qe7 11.Bc4 O-O-O 12.Rhe1 Nf8 13.g3 Ng6 14.Qe3 Kb8 15.h4 Qb4
16.Bb3 h6 17.Qe2 Qa5 18.c3 Qh5 19.Nfd2 Qxe2 20.Rxe2 h5 21.Rde1 Ne7 22.Nf3 Nf5
23.Nfg5 Nh6 24.Nd2 Bd5 25.Nc4 Kc8 26.Ne3 Bxb3 27.axb3 a5 28.Ne4 Kb7 29.Kc2 Be7
30.Ra1 Rhe8 31.Ree1 Nf5 32.Nc4 Bf6 33.Ra2 Nd6 34.Nexd6+ cxd6 35.d5 Re7 36.Rd1 exd5
37.Rxd5 Kc6 38.Rd2 d5 39.Ne3 d4 40.cxd4 Rxd4 41.Rxd4 Bxd4 42.Nf5 Rd7 43.Nxd4+ Rxd4
44.Ra1 Rd6 45.Rf1 Re6 46.Kd2 Rd6+ 47.Kc2 Rg6 48.Rd1 Re6 49.Rd2 Re1 50.Kd3 Kc5
51.Kc2 g6 52.f4 Re3 53.Rd7 f5 54.Rc7+ Kd5 55.Rc3 Rxc3+ 56.Kxc3 Ke4 57.Kc4 Kf3
58.Kb5 Kxg3 59.Kxb6 Kxh4 60.Kxa5 Kg4 61.b4 h4 62.b5 h3 63.b6 h2  0-1

[Event "GM"]
[Site "Biel SUI"]
[Date "2002.07.29"]
[Round "7"]
[White "Tkachiev,V"]
[Black "Vallejo Pons,F"]
[Result "1/2-1/2"]
[WhiteElo "2625"]
[BlackElo "2648"]

1.d4 d5 2.c4 c6 3.Nf3 Nf6 4.Qb3 dxc4 5.Qxc4 Bf5 6.g3 e6 7.Bg2 Nbd7 8.Nc3 Be7
9.O-O O-O 10.Re1 Ne4 11.Qb3 Qb6 12.Nh4 Bb4 13.Nxf5 exf5 14.Qc2 Qxd4 15.Bxe4 Bxc3
16.Rd1 Qxe4 17.Qxe4 fxe4 18.Rxd7 Be5 19.Rxb7 Rfb8 20.Rxb8+ Rxb8 21.Rb1 c5
22.Be3  1/2-1/2

[Event "ch-ESP Gp B"]
[Site "Ayamonte ESP"]
[Date "2002.10.05"]
[Round "2"]
[White "Arizmendi Martinez,J"]
[Black "Vallejo Pons,F"]
[Result "0-1"]
[WhiteElo "2510"]
[BlackElo "2635"]

1.e4 c5 2.Nf3 e6 3.d4 cxd4 4.Nxd4 a6 5.Be2 Nf6 6.Nc3 Bb4 7.O-O d6 8.Qd3 Nbd7
9.Qg3 Bxc3 10.bxc3 Nxe4 11.Qxg7 Qf6 12.Qxf6 Ndxf6 13.c4 e5 14.Nb3 Be6 15.Bb2 Rc8
16.f3 Nc5 17.f4 Na4 18.Ba3 e4 19.Bxd6 Nc3 20.Rfe1 Nxe2+ 21.Rxe2 Bxc4 22.Ree1 Rg8
23.Be5 Nd7 24.Na5 Nxe5 25.fxe5 Be6 26.c4 Ke7 27.Rab1 b5 28.cxb5 Rc2 29.g3 axb5
30.Rxb5 Rd8 31.Nb3 Rxa2 32.Nc5 Bd5 33.Rbb1 e3 34.Rxe3 Rg2+ 35.Kf1 Rxh2 36.Rbe1 Bc4+
37.Kg1 Rdd2 38.Nd3 Rhg2+ 39.Kh1 Rh2+ 40.Kg1 Rhg2+ 41.Kf1 Rdf2+  0-1

[Event "ch-ESP Gp B"]
[Site "Ayamonte ESP"]
[Date "2002.10.08"]
[Round "5"]
[White "Vallejo Pons,F"]
[Black "Comas Fabrego,L"]
[Result "1/2-1/2"]
[WhiteElo "2635"]
[BlackElo "2496"]

1.e4 c5 2.Nf3 Nc6 3.d4 cxd4 4.Nxd4 Qc7 5.Nc3 e6 6.Be3 a6 7.Qd2 Nf6 8.O-O-O Bb4
9.f3 Ne5 10.Nb3 b5 11.Bd4 Be7 12.Qf2 d6 13.Kb1 O-O 14.g4 Nfd7 15.f4 b4 16.Na4 Nxg4
17.Qg2 Ngf6 18.Bd3 e5 19.Rdg1 Ne8  1/2-1/2

[Event "ch-ESP Semi-Final"]
[Site "Ayamonte ESP"]
[Date "2002.10.09"]
[Round "1"]
[White "Vallejo Pons,F"]
[Black "Romero Holmes,A"]
[Result "1-0"]
[WhiteElo "2635"]
[BlackElo "2524"]

1.d4 Nf6 2.c4 e5 3.dxe5 Ng4 4.Nf3 Bc5 5.e3 Nc6 6.Nc3 Ngxe5 7.Nxe5 Nxe5 8.Be2 O-O
9.O-O Re8 10.b3 a5 11.Na4 Bf8 12.f4 Ng6 13.Qd2 b6 14.Bb2 Bb7 15.Bf3 Qb8 16.Rad1 Nh4
17.Bd5 Nf5 18.Bxf7+ Kxf7 19.Qxd7+ Kg6 20.g4 Nxe3 21.f5+ Kg5 22.f6 Qc8 23.fxg7 Bd6
24.g8=Q+ Rxg8 25.h4+ Kxh4 26.Qxh7+ Kg3 27.Qh2+ Kxg4 28.Rd4+  1-0

[Event "ch-ESP Semi-Final"]
[Site "Ayamonte ESP"]
[Date "2002.10.10"]
[Round "2"]
[White "Romero Holmes,A"]
[Black "Vallejo Pons,F"]
[Result "1/2-1/2"]
[WhiteElo "2524"]
[BlackElo "2635"]

1.e4 e5 2.Nf3 Nc6 3.Bb5 Nf6 4.O-O Nxe4 5.d4 Nd6 6.Bxc6 dxc6 7.dxe5 Nf5 8.Qxd8+ Kxd8
9.Rd1+ Ke8 10.Nc3 Be7 11.h3 Bd7 12.Ne4 Rd8 13.g4 Nh4 14.Nxh4 Bxh4 15.Bg5 Bxg5
16.Nxg5 Ke7 17.Kh2 c5 18.Ne4 b6 19.Ng3 g6 20.Ne4 h5 21.Kg3 Bc6 22.Ng5 h4+
23.Kf4 Rd4+ 24.Rxd4 cxd4 25.Rd1 Rd8 26.Nf3 Bxf3 27.Kxf3 c5 28.Ke4 Ke6 29.g5 Rd7
30.f4 Rd8 31.a4 Rd7 32.Rd3 Rd8 33.b3 Rd7 34.Rf3 Ke7 35.Rd3 Ke6 36.Rd1 a5
37.Rd3 Rd8 38.Rf3 Rd7 39.f5+ gxf5+ 40.Rxf5 d3 41.Rf6+ Ke7 42.cxd3 Rd4+ 43.Ke3 Rd5
44.Rxb6 Rxe5+ 45.Kf4 Rd5 46.Rb5 Rxd3 47.Kg4 Rc3 48.Rxa5 Rxb3 49.Kxh4 Ra3
50.Rxc5 Rxa4+ 51.Kg3  1/2-1/2

[Event "ch-ESP Final"]
[Site "Ayamonte ESP"]
[Date "2002.10.11"]
[Round "1"]
[White "Shirov,A"]
[Black "Vallejo Pons,F"]
[Result "1-0"]
[WhiteElo "2699"]
[BlackElo "2635"]

1.e4 c6 2.d4 d5 3.e5 c5 4.dxc5 e6 5.Qg4 h5 6.Qf4 Bxc5 7.Bd3 Qb6 8.c3 Bd7
9.b4 Be7 10.Be3 g5 11.Qg3 h4 12.Qh3 Qc7 13.f4 Nc6 14.Nf3 gxf4 15.Bxf4 f5
16.O-O Nh6 17.b5 Bc5+ 18.Kh1 Ne7 19.Qxh4 O-O-O 20.Bxh6 Ng8 21.Bf4 Rxh4 22.Nxh4 Ne7
23.Nd2 Rh8 24.Nxf5 Nxf5 25.Bxf5 Qb6 26.Bg4 Be3 27.Rae1 Bxf4 28.Rxf4 Qxb5
29.Nb3 Qd3 30.Rf3 Qg6 31.Bh3 Rh5 32.Kg1 Kb8 33.Nd4 a6 34.Rg3 Qh6 35.Bg4 Rg5
36.h3 Rg8 37.Rf3 Qd2 38.Re2 Qc1+ 39.Kh2 Rg6 40.Bh5 Rh6 41.Bg4 Qg5 42.Rg3 Qf4
43.Re3 Qf2 44.Ref3 Qe1 45.Rf7 Bc8 46.Be2 Rh8 47.a4 Ka8 48.a5 Qa1 49.Bg4 Qe1
50.Be2 Qa1 51.Rf6 Qe1 52.Rf1 Qd2 53.Rf7 Qe1 54.Rf6 Re8 55.Rf1 Qd2 56.Bh5 Rh8
57.Bf7 Rf8 58.h4 Qh6 59.Kh3 Rh8 60.h5 Bd7 61.Kh4 Qf8 62.Rf6 Qb8 63.Nf3 Ka7
64.h6 Qf8 65.Rgg6 Qc5 66.Rg8 Qf2+ 67.Kh3 Rh7 68.Rg7 Rh8 69.Bxe6 Bc6 70.Bf5 Bb5
71.Rb6 Ka8 72.h7 Bf1 73.Rg8+ Ka7 74.Rxh8 Qxf3+ 75.Kh4 Qf4+ 76.g4 Qxe5 77.Rg8 Qh2+
78.Kg5 Qd2+ 79.Kg6  1-0

[Event "Olympiad"]
[Site "Bled SLO"]
[Date "2002.10.30"]
[Round "5"]
[White "Vallejo Pons,F"]
[Black "Situru,N"]
[Result "1-0"]
[WhiteElo "2635"]
[BlackElo "2377"]

1.Nf3 Nf6 2.c4 g6 3.Nc3 Bg7 4.e4 d6 5.d4 O-O 6.Be2 e5 7.d5 a5 8.Bg5 h6 9.Bh4 Qe8
10.Nd2 Na6 11.O-O Nh7 12.Kh1 Bd7 13.a3 h5 14.f3 Bh6 15.b3 Nc5 16.Rb1 b6 17.Qc2 Be3
18.b4 axb4 19.axb4 Na4 20.Nb5 Qb8 21.Rb3 Bh6 22.Ra3 Rc8 23.Nb1 c6 24.dxc6 Bxc6
25.Qb3 Bxb5 26.cxb5 Qa7 27.Bc4 Qc7 28.Bd5 Qc1 29.Kg1 Qb2 30.Qxb2  1-0

[Event "Olympiad"]
[Site "Bled SLO"]
[Date "2002.10.31"]
[Round "6"]
[White "Vallejo Pons,F"]
[Black "Motwani,P"]
[Result "1-0"]
[WhiteElo "2635"]
[BlackElo "2525"]

1.e4 e5 2.Nf3 Nc6 3.Bb5 Nf6 4.O-O Bc5 5.c3 O-O 6.d4 Bb6 7.dxe5 Nxe4 8.Qd5 Nc5
9.Bf4 Ne7 10.Qd1 Ne6 11.Bg3 Nf5 12.Na3 c6 13.Bd3 Nxg3 14.hxg3 g6 15.Nc4 Bc7
16.Qc2 Qe7 17.Rfe1 f6 18.Re2 fxe5 19.Ncxe5 Qg7 20.Rae1 Nc5 21.Nxg6 hxg6 22.Re7 Qf6
23.Bxg6 Bd8 24.Bh7+ Kh8 25.Nh4 Bxe7 26.Rxe7 Qxe7 27.Ng6+ Kg7 28.Nxe7 Rf6
29.Bg8  1-0

[Event "Olympiad"]
[Site "Bled SLO"]
[Date "2002.11.02"]
[Round "8"]
[White "Adams,Mi"]
[Black "Vallejo Pons,F"]
[Result "1/2-1/2"]
[WhiteElo "2745"]
[BlackElo "2635"]

1.e4 c5 2.Nf3 d6 3.d4 Nf6 4.Nc3 cxd4 5.Nxd4 a6 6.Be3 e5 7.Nb3 Be7 8.f3 Be6
9.Qd2 O-O 10.O-O-O Qc7 11.g4 Rc8 12.g5 Nh5 13.Nd5 Bxd5 14.exd5 Nd7 15.Bh3 a5
16.Kb1 a4 17.Nc1 a3 18.b3 Nf4 19.Bxf4 exf4 20.Bxd7 Qxd7 21.h4 Bf8 22.Ne2 Qf5
23.Rhe1 Rc7 24.Qc1 Rcc8 25.Qd2 Rc7 26.Qc1 Rcc8 27.Qd2  1/2-1/2